000 00798nam a2200205Ia 4500
005 20241129111337.0
008 241129s9999||||xx |||||||||||||| ||und||
037 _aTB
040 _aCRL
_bpun
_cCRL
041 _apun
_2pun
084 _aO153,1:g P7
_qCRL
100 _aਬਲਜੀਤ ਕੌਰ, ਚ।
245 0 _aਵੀਹਵੀਂ ਸਦੀ ਦੀ ਪੰਜਾਬੀ ਕਵਿਤਾ L ਸਰੂਪ ਅਤੇ ਵਿਕਾਸ
_cਬਲਜੀਤ ਕੌਰ, ਚ।
260 _aਅੰਮ੍ਰਿਤਸਰ, ਭਾਰਤ
_bਅੰਮ੍ਰਿਤਸਰ ਗੁਰੂ ਨਾਨਕ ਦੇਵ ਯੂਨੀਵਰਸਿਟੀ
_c2007
300 _a346ਪ੍ਰ0
365 _aINR
_b650
650 _aPunjabi LiteraturePoetry
_9726276
942 _cTB
_hO153,1:g P7
999 _c1230018
_d1230018